000 01184na a2200313 4500
001 21307
003 MIRAKIL
005 20181213154747.0
008 170203b tu 000 0
020 _a9759582104
035 _a15247
040 _aMilas
_btur
_cTR-AnCHP
041 _atur
082 _aCHP 324.2372
_bE62c 1994
090 _aCHP 324.2372 E62c 1994
100 _aErdem, Tarhan
245 _aCHP üye kayıtlarının merkezde toplanma projesi 1978
_cTarhan Erdem, Necdet Uyguner
260 _aİstanbul
_bÜnal Ofset
_c1994
300 _a240 s.
_bres.; tbl.
_c23 sm.
500 _aYapıt yazarından imzalıdır.
505 _aİlk girişimler (yasa ve tüzük, ilk üye yazım merkezileştirme girişimleri) - ÜYB'nin kurulması - Yazımların yenilenmesi - PGK'nın kurulması
610 _aCumhuriyet Halk Partisi (CHP)
_bParti genel Kütüğü (PGK)
_yTarih
610 _aCumhuriyet Halk Partisi (CHP)
_bÜye yazım Bürosu (ÜYB)
_xTarih
610 _aCumhuriyet Halk Partisi (CHP)
_xHukuk ve mevzuat
_yParti üyeliği
651 _aTürkiye
_xSiyaset ve yönetim
_y1960-1980
657 _aCHP üye yazım
700 _aUyguner, Necdet
942 _2dcc
_cBKS
999 _c383
_d383